00589 a2200181 4500003000400000005001700004008004100021020001800062040000900080082001900089100002900108245003200137260003900169300000900208942004400217952012900261999001700390OSt20231218114411.0231218b |||||||| |||| 00| 0 eng d a9789350721094 coclc a891.433bJAG/N aJagannathan , V R910155 aNAVBHARAT /cV R Jaganathan aNew Delhi:bVani Prakashan,c1994. a136p 2ddccBKh891.433iJAG/Nk891.433mJAG/N 00102ddc40708FICaMESbMEScHINd2023-12-18l0o891.433 JAG/Np43089r2023-12-18 11:44:58v100.00w2023-12-18yBKzGR7R1 c43455d43455